01236nac a22003377a 4500001001000000003000900010005001700019008003400036040005400070072001800124090001800142110008600160245010300246260003600349300001000385490009300395650002300488650002600511650001500537650001500552650002300567650002000590650001200610650001800622650001500640650001600655909004700671942001700718999001900735952014400754BR8205386BR-BrBNA20240105115510.0230509b bl.|||m| |||| 00| 0 por d aBR-BrBNAbporcBiblioteca Nacional de Agricultura aE70; E10; P05 aE70 BR82053861 aMinisterio das Relacoes Exteriores, Brasilia, DF (Brasil). Depto. Economico970881 aReservado no. 52, novembro de 1982 [comercio exterior, Ministerio das Relacoes Exteriores, Brasil]3 aBrasilia, DF (Brasil): c1982.  a62 p. aResenha Mensal - Ministerio das Relacoes Exteriores. Depto. Economico (Brazil)vno. 52x aPOLITICA COMERCIAL aMERCADO INTERNACIONAL aIMPORTACAO aEXPORTACAO aRECURSO ENERGETICO aRECURSO NATURAL aMINERAL aFINANCIAMENTO aTRANSPORTE aCOMUNICACAO a202312bLúcia Elandec55dLúcia Elande 2AGRISn0cMS c275071d275071 002AGRIS40708Acervo Gerala41918b41918cAGROBASEl0oE70 BR8205386pE70 BR8205386r2023-12-18yMSePortaria Interministerial nº 164/94